| 000 | 00842nas a2200265 4500 | ||
|---|---|---|---|
| 001 | BR2010002642 | ||
| 003 | BR-BrBNA | ||
| 005 | 20231205114234.0 | ||
| 007 | ta | ||
| 008 | 230509b bl.|||p| |||| 00| 00por d | ||
| 040 |
_aBR-BrBNA _bpor _cBiblioteca Nacional de Agricultura |
||
| 041 | _a(En) | ||
| 072 | _aF30; H20 | ||
| 100 | 1 | _aSatelis, J.F. | |
| 100 | 1 | _aBoiteux, L.S. | |
| 100 | 1 | _aReis, A. | |
| 245 | 1 | _aResistance to Septoria lycopersici in Solanum (section Lycopersicon)species and in progenies of S. lycopersicon x S. peruvianum | |
| 650 | _aTOMATE | ||
| 650 | _aMANCHA FOLIAR | ||
| 650 | _aVARIEDADE RESISTENTE | ||
| 650 | _aSEPTORIOSE | ||
| 773 | 0 |
_tScientia Agricola (Brazil) _xISSN 0103-9016 _g(May-Junr 2010), v. 67(3) p. 334-341 _wBR2010002642 |
|
| 909 |
_a202311 _bLúcia _c55 _dLúcia Elande |
||
| 942 |
_2AGRIS _n0 _cANA |
||
| 999 |
_c207768 _d207768 |
||